| 000 | 00832nam a22002897a 4500 | ||
|---|---|---|---|
| 001 | 200427926 | ||
| 003 | TR-AnTOB | ||
| 005 | 20241010113754.0 | ||
| 008 | 171118b xxu||||| |||| 00| 0 tur d | ||
| 020 | _a9786051851280 | ||
| 040 |
_aTR-AnTOB _beng _cTR-AnTOB _erda |
||
| 041 | _atur | ||
| 050 |
_aPL248.U98 _b.A4 2017 |
||
| 090 |
_aJUN PL248.U98 _b.A4 2017 |
||
| 100 | 1 |
_aUzuner, Buket, _d1955- _97602 |
|
| 245 |
_aAh Bir Kedi Olsam! / _cBuket Uzuner. |
||
| 250 | _a7. baskı. | ||
| 264 |
_aİstanbul : _bEverest Yayınları, _c2017. |
||
| 300 |
_a151 pages ; _c18.5 cm |
||
| 336 |
_2rdacontent _atext |
||
| 337 |
_2rdamedia _aunmediated |
||
| 338 |
_2rdacarrier _avolume |
||
| 590 | _adonated by K. Bıçak | ||
| 650 | 7 |
_aÇocuk öyküleri, Türk _2etuturkob _9117081 |
|
| 942 |
_2lcc _cBK |
||
| 999 |
_c200427926 _d45850 |
||